Technical Communication : A Practical Approach (Record no. 41939)

MARC details
000 -LEADER
fixed length control field 00460nam a2200181Ia 4500
008 - FIXED-LENGTH DATA ELEMENTS--GENERAL INFORMATION
fixed length control field 230524s9999 xx 000 0 und d
020 ## - INTERNATIONAL STANDARD BOOK NUMBER
ISBN 8131700887
082 ## - DEWEY DECIMAL CLASSIFICATION NUMBER
Classification number 362.11
Item number PFI
100 ## - MAIN ENTRY--AUTHOR NAME
Personal name William Sanborn Pfeiffer
245 #0 - TITLE STATEMENT
Title Technical Communication : A Practical Approach
250 ## - EDITION STATEMENT
Edition statement IST
260 ## - PUBLICATION, DISTRIBUTION, ETC. (IMPRINT)
Place of publication MUMBAI
Name of publisher Pearson
Year of publication 2008
300 ## - PHYSICAL DESCRIPTION
Number of Pages XIV;752
500 ## - GENERAL NOTE
General note Quantity Number: 5
650 ## - SUBJECT ADDED ENTRY--TOPICAL TERM
Topical Term English
700 ## - ADDED ENTRY--PERSONAL NAME
Personal name T.V.S.Padmaja
942 ## - ADDED ENTRY ELEMENTS (KOHA)
Koha item type Books
Holdings
Lost status Damaged status Permanent Location Current Location Shelving location Date acquired Full call number Accession Number Koha item type
    Central Library, Trident Academy of Technology Central Library, Trident Academy of Technology General Stacks 05/24/2023 362.11 PFI 28126 Books
    Central Library, Trident Academy of Technology Central Library, Trident Academy of Technology General Stacks 05/24/2023 362.11 PFI 28127 Books
    Central Library, Trident Academy of Technology Central Library, Trident Academy of Technology General Stacks 05/24/2023 362.11 PFI 28128 Books
    Central Library, Trident Academy of Technology Central Library, Trident Academy of Technology General Stacks 05/24/2023 362.11 PFI 28129 Books
    Central Library, Trident Academy of Technology Central Library, Trident Academy of Technology General Stacks 05/24/2023 362.11 PFI 28130 Books
Trident Academy of Technology © 2023.
All rights reserved.                                                                                                                                                                                                        Designed by Team of Central Library .

Powered by Koha